| 000 | 01829nam a22003137a 4500 | ||
|---|---|---|---|
| 001 | 8980 | ||
| 003 | FISKH | ||
| 005 | 20251112134624.0 | ||
| 008 | 251112b cb ||||| |||| 00| 0 eng d | ||
| 020 | _a9789995054755 | ||
| 040 |
_aFISKH _bkhr _cFISKH _dFISKH |
||
| 050 | _aPZ7 | ||
| 082 | _a895.922 | ||
| 100 | _aSocheata, Houth | ||
| 245 |
_aព្រះអង្គម្ចាស់ច័ន្ទភានុ / _cនិពន្ធដោយ ហួត សុជាតា |
||
| 250 | _aបោះពុម្ពលើកទី២ | ||
| 260 |
_aភ្នំពេញ : _bDigital Advertising , _c២០១២ . |
||
| 300 |
_a40 pages : _bcolor illustrations ; _c25 cm . |
||
| 490 | _aខ្ញុំចង់អាន | ||
| 505 | _aP | ||
| 520 | _aព្រះអង្គម្ចាស់ច័ន្ទភានុមានចរិតក្រអីតក្រទម ។ ទ្រង់ចូលចិត្តបរបាញ់សត្វ ។ ដោយសារភាពឆ្មើងឆ្មៃរបស់ខ្លួន នាងធ្មប់ច្រមុះវែងបានធ្វើអោយនគររបស់ព្រះអង្គក្លាយជាថ្ម ហើយព្រះអង្គក៏បានបាត់បង់ការចងចាំផងដែរ ។ | ||
| 520 | _aPrince Chandphanu had an arrogant and prideful character. He enjoyed hunting animals. Because of his arrogance, a long-nosed witch turned his kingdom into stone, and the prince also lost his memory. | ||
| 521 | 8 |
_a660
_bLexile estimate |
|
| 521 | 8 |
_aP
_bRaz-Plus |
|
| 650 |
_aព្រះអង្គម្ចាស់ច័ន្ទភានុ _vរឿងនិទានកុមារ |
||
| 700 |
_aSophorn, Chan _eIllustrator |
||
| 942 |
_2ddc _cKHB _n0 |
||
| 999 |
_c8980 _d8980 |
||